Hillary Clinton : Bí mật quốc gia và sự hồi sinh = HRC : state secrets and the rebirth of Hillary Clinton
Quyển sách này kể chi tiết về những vụ trừng phạt và khen thưởng các kẻ thù đồng minh chính trị của Bill và Hillary. Trọng tâm của quyển sách này là miêu tả về vai trò của bà trong việc xử lí những khủng hoảng ở Iran, Libya, ......
שמור ב:
| מחבר ראשי: | |
|---|---|
| פורמט: | ספר |
| שפה: | Undetermined |
| יצא לאור: |
Hà Nội
Thế giới
2016
|
| נושאים: | |
| תגים: |
הוספת תג
אין תגיות, היה/י הראשונ/ה לתייג את הרשומה!
|
| Thư viện lưu trữ: | Trung tâm Học liệu Trường Đại học Cần Thơ |
|---|
| LEADER | 01210nam a2200241Ia 4500 | ||
|---|---|---|---|
| 001 | CTU_220947 | ||
| 008 | 210402s9999 xx 000 0 und d | ||
| 020 | |c 189000 | ||
| 082 | |a 327.730092 | ||
| 082 | |b A427 | ||
| 100 | |a Allen, Jonathan | ||
| 245 | 0 | |a Hillary Clinton : | |
| 245 | 0 | |b Bí mật quốc gia và sự hồi sinh = HRC : state secrets and the rebirth of Hillary Clinton | |
| 245 | 0 | |c Jonathan Allen, Amie Parnes ; Chu Hồng Thắng, Lê Dương, Cảnh Dương (dịch) ; Nguyễn Nguyên Hy (Hiệu đính | |
| 260 | |a Hà Nội | ||
| 260 | |b Thế giới | ||
| 260 | |c 2016 | ||
| 520 | |a Quyển sách này kể chi tiết về những vụ trừng phạt và khen thưởng các kẻ thù đồng minh chính trị của Bill và Hillary. Trọng tâm của quyển sách này là miêu tả về vai trò của bà trong việc xử lí những khủng hoảng ở Iran, Libya, ... | ||
| 650 | |a Women cabinet officers,Quan chức phụ nữ | ||
| 650 | |x Biography,Tiểu sử | ||
| 650 | |z United States,Hoa Kỳ | ||
| 904 | |i Hải | ||
| 980 | |a Trung tâm Học liệu Trường Đại học Cần Thơ | ||